Movies Quiz

Random Movies or Clickable Quiz

Film Franchise by Character Quiz Stats

 Plays Quiz Updated Dec 31, 2018

Support Sporcle.
Go Orange.
Score 0/40 Timer 05:00
7 Plays Today
% Correct
Superman
88.9%
Batman
86.1%
American Pie
85.4%
Lord of the Rings
83.2%
Terminator
82%
Child's Play
79.7%
James Bond
78.3%
Pirates of the Caribbean
73.2%
Harry Potter
73.1%
Star Wars
73%
X-Men
71.7%
Friday the 13th
70.9%
The Avengers
68.6%
Alien
67.2%
The Matrix
66.1%
Star Trek
65.7%
Austin Powers
63.5%
Twilight
60.3%
Lethal Weapon
56.9%
Jurassic Park
55.8%
% Correct
Transformers
54.9%
Chronicles of Narnia
50.1%
Rocky
48.7%
Spider-Man
47.7%
Pink Panther
46.2%
Scream
44.8%
Mad Max
41.7%
The Fast and the Furious
37.4%
The Godfather
34%
Planet of the Apes
33.9%
Indiana Jones
28.2%
Rambo
28.2%
Underworld
27.7%
Halloween
22.9%
The Mummy
22.2%
Jason Bourne
22%
The Thin Man
19.6%
Final Destination
16.7%
Mission: Impossible
15.9%
Saw
15.1%

From the Vault

Highest Grossing PG Rated Movies Slideshow

by Hejman

Movies 5m
These movies likely included violence that was 'a little more than minimal', so tread with caution.
Remove Ads.
Support Sporcle.
Get the best of Sporcle when you Go Orange. This ad-free experience offers more features, more stats, and more fun while also helping to support Sporcle. Thank you for becoming a member.

Show Comments

Extras

Top Quizzes Today


Score Distribution

Your Account Isn't Verified!

In order to create a playlist on Sporcle, you need to verify the email address you used during registration. Go to your Sporcle Settings to finish the process.

Report this User

Report this user for behavior that violates our Community Guidelines.

Details: